| 000 | 01622nam a2200397 i 4500 | ||
|---|---|---|---|
| 003 | DO-SdBNP | ||
| 005 | 20250506113942.0 | ||
| 006 | a||||gr|||| 00| 0 | ||
| 007 | ta | ||
| 008 | 231009e2017 sp aoc|| |||| 00| e spa d | ||
| 020 | _a9788430618637 | ||
| 040 |
_aDO-SdBNP _bspa _cBNPHU _erda |
||
| 082 | 4 |
_bL973R _222 |
|
| 100 | 1 |
_aRoper, Lyndal _987655 |
|
| 245 | 0 | 0 |
_aMartín Lutero : _brenegado y profeta / _cLyndal Roper ; traducción de Sandra Chaparro; imagen de cubierta, Lucas Cranach. |
| 250 | _a | ||
| 264 | 4 |
_aBarcelona , España : _bTaurus, _c2017 |
|
| 300 |
_a621 páginas : _bIlustraciones, fotografías, retratos ; _c24 cm. |
||
| 336 |
_2rdacontent _atexto _btxt |
||
| 337 |
_2rdamedia _asin mediación _bn |
||
| 338 |
_2rdacarrier _avolumen _bnc |
||
| 490 | 0 | _aMemorias y biografías | |
| 500 | _aIncluye biografía de la autora en las solapas de las cubiertas. | ||
| 500 | _aLa biografía definitiva de Lutero en el Quinto Centenario Centenario de la Reforma. | ||
| 500 | _aIncluye índice analítico páginas 599 - 621. | ||
| 500 | _aIncluye lista de ilustraciones. | ||
| 500 | _aIncluye notas bibliográficas. | ||
| 504 | _aBibliografía: 573 - 597. | ||
| 586 | _aGanadora del Gerda Henkel Prize y finalista del Wolfson Histoy Prize 2017 y del Elizabeth Longford Prize 2017. | ||
| 590 | _aInventariado 2023 / MF | ||
| 650 |
_a Reforma _zAlemania _vBiografía _987656 |
||
| 650 |
_aIglesia Luterana _zAlemania _xClero _vBiografía _987657 |
||
| 700 | 1 |
_aChaparro, Sandra, _etraductora _984415 |
|
| 700 | 1 |
_aCranach, Lucas _efotografía de cubierta. _984416 _d1472-1553 |
|
| 942 |
_2ddc _cLBS1 |
||
| 999 |
_c55115 _d55115 |
||